Pokemon (QCM) - Statistiques

Statistiques générales
  • Ce quiz a été pris 400 fois
    384 depuis la dernière actualisation
  • Le résultat moyen est 11 sur 15
Statistiques - réponses
Question Réponse % Correct
Quelle est l'évolution de Pikachu ? raichu
97%
Quelle est la pokéball la plus efficace du jeu ? masterball
94%
Quel est le type de pokémon de Mewtwo ? psy
90%
Lequel de ces statuts n'existe pas dans les combats pokémon ? vertige
90%
Quel outil les dresseurs utilisent-ils pour enregistrer leur rencontres avec des pokémon ? pokédex
84%
Quelle est la double faiblesse de Léviator ? électrique
77%
Laquelle de ces pierres n'est pas une pierre d'évolution ? pierre dragon
77%
Quelle est la pré-évolution de Cizayox ? insécateur
74%
Quel pokémon possède des coups de pieds surpuissants ? kicklee
74%
Quel pokémon est connu pour ses coups de poings dévastateurs ? tygnon
74%
A quel type les pokémon vol sont-ils immunisés ? sol
68%
De quel type est l'attaque ultralaser ? normal
61%
Dans quelle génération a été introduit Lugia ? 2 ème génération
58%
Si vous affrontez un Magmar, quelle attaque devez-vous utiliser ? séisme
58%
A quelles attaques les pokémon de type normal sont-ils immunisés ? spectre
55%
Aucun quiz correspondant
Distribution des résultats
% des personnes avec chaque résultat
Percentile par nombre de réponses
Votre historique - résultats
Vous n’avez pas pris ce quiz depuis la dernière actualisation